[Event "GER-chT U14 Girls"]
[Site "Greifswald"]
[Date "2003.12.30"]
[Round "7.1"]
[White "Post, Julia"]
[Black "Reh, Theresa"]
[Result "0-1"]
[WhiteElo "1172"]
[BlackElo "1567"]
[PlyCount "104"]
[EventDate "2003.12.27"]
[EventType "team-swiss"]
[EventRounds "7"]
[EventCountry "GER"]
[SourceTitle "EXT 2022"]
[Source "ChessBase"]
[SourceDate "2021.10.06"]
[SourceVersion "1"]
[SourceVersionDate "2021.10.06"]
[SourceQuality "1"]
[WhiteTeam "Graefelfing SK U14 Girls"]
[BlackTeam "Plauen Koenig U14 Girls"]
[WhiteTeamCountry "GER"]
[BlackTeamCountry "GER"]

1. e4 c5 2. Nf3 Nc6 3. d4 cxd4 4. Nxd4 Nf6 5. Nc3 e5 6. Nf3 Bb4 7. Bd2 Bxc3 8. Bxc3 Nxe4 9. Qd3 Nxc3 10. Qxc3 0-0 11. Be2 Re8 12. 0-0 d5 13. Bb5 Qc7 14. Rfe1 f6 15. Rad1 Be6 16. Qc5 a6 17. Ba4 Rac8 18. Bb3 Ne7 19. Qxc7 Rxc7 20. Rd2 Bf7 21. c3 Rd8 22. Red1 Rcd7 23. h3 Nc6 24. a3 Kf8 25. Nh2 Na5 26. Ba2 b5 27. b4 Nc4 28. Bxc4 bxc4 29. Nf3 Rd6 30. Kh2 Be8 31. Ng1 d4 32. Ne2 d3 33. Ng1 e4 34. g4 h5 35. Kg3 g5 36. Re1 h4+ 37. Kg2 Bc6 38. Kh2 Kf7 39. Re3 Kg6 40. Kg2 f5 41. gxf5+ Kxf5 42. Kh2 R6d7 43. Kg2 Ra8 44. f3 Kf4 45. Kf2 exf3 46. Nxf3 Bxf3 47. Rxf3+ Ke4 48. Re3+ Kf5 49. Kg2 Rd6 50. Kf3 Kg6 51. Kg4 Rf8 52. Re4 Rdf6 0-1

[Event "GER-chT U14 Girls"]
[Site "Greifswald"]
[Date "2001.12.30"]
[Round "7.1"]
[White "Post, Julia"]
[Black "Ruedel, Anita"]
[Result "0-1"]
[WhiteElo "100"]
[BlackElo "1243"]
[PlyCount "88"]
[EventDate "2001.12.27"]
[EventType "team-swiss"]
[EventRounds "7"]
[EventCountry "GER"]
[SourceTitle "EXT 2003"]
[Source "ChessBase"]
[SourceDate "2002.11.25"]
[SourceVersion "1"]
[SourceVersionDate "2002.11.25"]
[SourceQuality "1"]
[WhiteTeam "Graefelfing SK U14 Girls"]
[BlackTeam "Tamm 74 U14 Girls"]
[WhiteTeamCountry "GER"]
[BlackTeamCountry "GER"]

1. e4 e6 2. d4 d5 3. e5 c5 4. c3 Nc6 5. Nf3 Qb6 6. Be2 Nh6 7. 0-0 Nf5 8. b3 cxd4 9. cxd4 Nfxd4 10. Nxd4 Qxd4 11. Bb5 Qxe5 12. Bxc6+ bxc6 13. Nc3 Qxc3 14. Bd2 Qf6 15. Rc1 Bd7 16. b4 Bd6 17. a3 0-0 18. Bc3 Qg5 19. Qd4 e5 20. Qd3 e4 21. Qd4 Bh3 22. g3 Bxf1 23. Rxf1 f6 24. Qd2 Qxd2 25. Bxd2 Rfe8 26. Be3 Re7 27. f3 exf3 28. Rxf3 Rae8 29. Bd2 Re2 30. Bc3 R2e3 31. Rxe3 Rxe3 32. Bb2 Rb3 33. Bd4 Rxa3 34. Bc5 Bxc5+ 35. bxc5 Re3 36. Kf2 Re7 37. h4 d4 38. g4 d3 39. Kg3 d2 40. h5 d1Q 41. Kh4 Qe1+ 42. Kh3 Re3+ 43. Kh2 Qf2+ 44. Kh1 Re1# 0-1